[Event "BRA-ch 79th"]
[Site "Montenegro"]
[Date "2013.03.02"]
[Round "7"]
[White "Mekhitarian, Krikor Sevag"]
[Black "Molina, Roberto Junio Brito"]
[Result "1-0"]
[WhiteElo "2546"]
[BlackElo "2414"]
[Annotator "Mekhitarian,K"]
[PlyCount "67"]
[EventDate "2013.02.25"]
[EventType "tourn"]
[EventRounds "11"]
[EventCountry "BRA"]
[SourceTitle "CBM 153"]
[Source "ChessBase"]
[SourceDate "2013.03.14"]
[SourceVersion "1"]
[SourceVersionDate "2013.03.14"]
[SourceQuality "1"]

1. e4 c6 2. d4 d5 3. e5 Bf5 4. Nf3 e6 5. Be2 Nd7 6. O-O Bg6 7. a4 {This Q-side
advance (a4-a5) makes c4 stronger for White (cause then Black won't have
Nb6-Nd5 after ...dxc4)} Nh6 (7... Ne7 {would be another way to go} 8. a5 {
and as soon as the black N leaves e7, we're ready for c4} Nf5 (8... a6 9. b4 $5
{a different plan - try to close the Q-side with b4-c3 and prepare long-term
actions on the K-side} Nf5 10. c3 Be7 11. Bf4 O-O 12. Nbd2 $13) 9. c4 {etc.
with a standard position.}) 8. a5 a6 {Now Black avoided b4-c3 at least, but in
the other hand Bxh6 is always possible. I never understood exactly how good it
is to destroy the K-side at the cost of the dark-squared B, so I followed with
natural moves.} 9. Nbd2 Be7 10. c4 dxc4 $2 (10... O-O $5 11. c5 (11. cxd5 {
doesn't look really strong now} cxd5 12. Nb3 Nf5 13. Bd2 Nb8 $1 {and Black
re-organises his pieces properly}) 11... f6 12. b4 {would be similar to my
game against Twan Burg, in the recent Tata C tournament (the h6-N was on c8
then).}) 11. Nxc4 O-O 12. Bxh6 gxh6 {I put a '?' mark on 10...dxc4, because
even being a positionally sound move, it allows 12.Bxh6 with the B on e7
already (on f8 it could go to g7). This seems already dubious for Black.} 13.
Qd2 $16 Kg7 {now I wasn't so sure if black was preparing ...c5 or ...f6, so I
played a standard 14.Rfe1 move.} (13... Bg5 $2 14. Nxg5 hxg5 (14... Qxg5 15. f4
$18 {Nd6, Ra3, f5 to come, and Black is dead}) 15. Ra3 $18 {with a deadly
attack.}) 14. Rfe1 (14. Rfc1 $5 {so what? nobody knows where to place their
rooks anyway!}) 14... Qc7 15. Ne3 {I thought I was sort of 'forcing' h5 - not
true - and at the same time, preparing Qc3-Rec1, with d5 ideas.} (15. Qf4 $5 {
could've been better, putting the Q on a better square, possibly starting
K-side operations (Nd6!?, etc)} c5 $2 16. Rac1 b5 17. axb6 Nxb6 18. Nd6 $1 $18)
15... h5 (15... c5 {is always to be considered} 16. Rac1 (16. Ng4 $2 h5 $1 {
and White gets nowhere}) 16... Rfd8 {with so many interesting moves for White}
17. Nc4 $5 (17. Bd3 $5 Rac8 18. Bxg6 hxg6 19. Ng4 $40)) 16. Qc3 Rfc8 17. Rec1
Qd8 18. Ne1 {The transfer to d3 looks good - from there White could control
Black's Q-side and at the same time go to f4 and harass the K-side.} Qf8 19.
Nd3 c5 $5 {Black goes for complications, a wise practical decision in my
opinion, forcing White to show something.} 20. Nf4 (20. d5 $1 {looked
interesting, but I felt like there were too many risks involved. After all, it
was the best, but required precise calculation and some courage} c4 21. Nf4 Bb4
22. Qd4 Bc5 23. Qd2 exd5 (23... Nxe5 24. Qc3 $1 {missed by me} (24. dxe6 Rd8 {
was the position I considered and it seemed like Black had a huge activity} 25.
Ned5) 24... Bd6 25. dxe6 Kg8 26. Rd1 $18) 24. e6 Nf6 25. Bf3 $1 $16 {and
Black's K weakness will be always a huge problem.}) 20... cxd4 21. Qxd4 Nc5 22.
Nxh5+ Kh8 23. Qf4 (23. Rc3 $5 {was also possible, avoiding Nb3, and perhaps
more precise} Rd8 24. Qg4 $16) 23... Nb3 (23... Rd8 $5 {and Rd2 next, was a
possible try, trying to avoid White's re-organisation, as happened in the game.
}) 24. Rxc8 Rxc8 25. Rd1 Nxa5 $2 (25... Nc1 $1 {was the last chance, after
what Black is still on the game:} 26. Ng3 Nxe2+ 27. Nxe2 Rd8 $1 $132) 26. Nf6
$18 {Already winning for White, with a simple h4-h5 plan, followed by the
exchange of the light-squared Bs.} Rd8 27. h4 Rxd1+ 28. Bxd1 Nc6 29. h5 Bb1 30.
Bf3 $1 Nb4 (30... Qb8 {was also hopeless:} 31. Bxc6 bxc6 32. Nc4 $1 $18 {
and Nd6, as suggested by my opponent in the post-mortem.}) 31. Be4 {The
cleanest move. Now the mating nets are deadly, and the game is over.} Nd3 (
31... Bxe4 32. Qxe4 Bxf6 33. exf6 Nc6 34. Qf4 {keeping an eye on Qh6, and
wanting Qc7 as well} Qb8 35. Qh6 Qg8 36. Nc4 $18 {and Black is completely
stuck.}) 32. Qg3 Qg7 (32... Nc1 {wouldn't change anything:} 33. Qf3 $18) 33.
Neg4 $1 Nc1 (33... Nxe5 {fails drastically:} 34. Qxe5 Bxe4 35. h6 $1 $18) 34.
Qe3 1-0

[Event "BRA-ch 79th"]
[Site "Montenegro"]
[Date "2013.03.03"]
[Round "8"]
[White "Carneiro, Vitor Roberto Castr"]
[Black "Mekhitarian, Krikor Sevag"]
[Result "0-1"]
[WhiteElo "2089"]
[BlackElo "2546"]
[PlyCount "76"]
[EventDate "2013.02.25"]
[EventType "tourn"]
[EventRounds "11"]
[EventCountry "BRA"]
[SourceTitle "CBM 153 Extra"]
[Source "ChessBase"]
[SourceDate "2013.04.22"]
[SourceVersion "1"]
[SourceVersionDate "2013.04.22"]
[SourceQuality "1"]

1. c4 g6 2. Nc3 c5 3. Nf3 Bg7 4. g3 Nc6 5. Bg2 e6 6. O-O Nge7 7. d3 O-O 8. Bd2
d5 9. Rb1 b6 10. a3 Bb7 11. b4 cxb4 12. axb4 Qd7 13. cxd5 Nxd5 14. Nxd5 Qxd5
15. Qb3 Nd4 16. Qd1 Rfc8 17. Nh4 Qd7 18. Bxb7 Qxb7 19. e3 Nb5 20. Qf3 Qd7 21.
d4 Rc6 22. Qe2 Rc2 23. Qd3 Rac8 24. Rbc1 Rxc1 25. Rxc1 Rxc1+ 26. Bxc1 Qc6 27.
Bd2 Nd6 28. Ng2 Bf8 29. Nf4 Qf3 30. Qe2 Qe4 31. Qd3 g5 32. f3 Qxf3 33. Ng2 Ne4
34. Be1 Nf6 35. Qa6 Qd1 36. Qb5 Nd5 37. e4 Qxd4+ 38. Bf2 Qxe4 0-1

[Event "BRA-ch 79th"]
[Site "Montenegro"]
[Date "2013.03.04"]
[Round "9"]
[White "Mekhitarian, Krikor Sevag"]
[Black "Macedo, Maximo Iack Miranda"]
[Result "1-0"]
[WhiteElo "2546"]
[BlackElo "2408"]
[PlyCount "29"]
[EventDate "2013.02.25"]
[EventType "tourn"]
[EventRounds "11"]
[EventCountry "BRA"]
[SourceTitle "CBM 153 Extra"]
[Source "ChessBase"]
[SourceDate "2013.04.22"]
[SourceVersion "1"]
[SourceVersionDate "2013.04.22"]
[SourceQuality "1"]

1. e4 e6 2. d4 d5 3. Nc3 dxe4 4. Nxe4 Nf6 5. Nxf6+ Qxf6 6. Nf3 h6 7. Bd3 Nc6 8.
O-O Bd6 9. c3 O-O 10. Nd2 e5 11. Ne4 Qg6 12. f4 Bf5 13. Nf6+ Qxf6 14. fxe5 Bg4
15. Qxg4 1-0

[Event "BRA-ch 79th"]
[Site "Montenegro"]
[Date "2013.03.05"]
[Round "10"]
[White "Mekhitarian, Krikor Sevag"]
[Black "Mendonca, Mateus Nakajo"]
[Result "1/2-1/2"]
[WhiteElo "2546"]
[BlackElo "2255"]
[Annotator "Mekhitarian,K"]
[PlyCount "100"]
[EventDate "2013.02.25"]
[EventType "tourn"]
[EventRounds "11"]
[EventCountry "BRA"]
[SourceTitle "CBM 153"]
[Source "ChessBase"]
[SourceDate "2013.03.14"]
[SourceVersion "1"]
[SourceVersionDate "2013.03.14"]
[SourceQuality "1"]

{In this tournament I obtained my first Brazilian Championship title - after a
0,5/2 start, I had 7 straight wins, and at this moment I was facing the 2nd
placed, a young talented player, who was half a point behind me. It was indeed
the crucial game, as I came close to losing at some point. But at the end,
with a couple of important defensive moves, I secured the draw and the
championship in the following last round.} 1. e4 c5 2. Nf3 e6 3. d4 cxd4 4.
Nxd4 Nc6 5. Nc3 d6 6. Be3 Nf6 7. f3 {The English Attack against the Classical
Sicilian - works well in this order, because the P is already on e6 and Black
doesn't have the e7-e5 option.} Be7 8. Qd2 O-O 9. g4 $1 (9. O-O-O {I think
this is not precise, because now Black has the option to play ...d5! under
better circumstances} d5 10. exd5 (10. Be2 $5 $13 {would be an alternative,
but I clearly prefer the attacking position with 9.g4, without this central
tension}) 10... Nxd5 11. Nxd5 Qxd5 {White may have a slight initiative, but
these kind of simplifications always favour Black in my opinion.}) 9... a6 (
9... d5 {now it's a different story} 10. g5 Nxd4 11. Qxd4 Nh5 12. O-O-O Bxg5
$13 {an unclear battle takes place, white being able to get the pawn back
already or play for compensation with the main 13.Kb1, for example} 13. Kb1 (
13. Rg1 $5) 13... Bf6 14. e5 Be7 15. f4 $40) 10. O-O-O {This is highly rich
and complex - black has a number of ways to organize his pieces, mostly
starting with ...Nxd4, b5, or ...Nd7, Nde5 and b5. Inside both ideas, Black
could play either Qc7, Bb7-Rc8 or even a quick b4-Qa5. I believe strongly in
white's chances, but it's really hard to be prepared for everything.} Nxd4 11.
Bxd4 b5 12. g5 Nd7 13. h4 Bb7 {Naturally I had a long preparation for this
game, and I couldn't remember if I'd seen something specific against this
particular move order. I remembered that here black used to play ...Qc7 and a
quick ...b4, which made me think I should play a3 at some point (at move 14.
was even better).} (13... Qc7 14. Kb1 b4 15. Na4 Bb7 $5 {a possible P sacrifice
} 16. Qxb4 Bc6 17. Nc3 Rfb8 $44 {I feel like White should be good, but it's
naturally far from easy, and Black is activating his pieces without losing any
time, Ne5, Bb5 coming (as soon as white Q goes to e2).}) 14. Kb1 $6 Rc8 $6 (
14... b4 {avoided the whole Na4 idea (now ...Bc6 is just winning)} 15. Ne2 a5
$13) 15. a3 {This should've been played a move earlier, now it's all good
again.} Ne5 16. Qe3 (16. Qf2 $5 {was a similar way to face Black's plan} Nc4
17. Bxc4 Rxc4 18. Qg3 $13 {Bf6 ideas, and a possible pressure over the d6-P.
In the other hand, White's Q-side could get under fire.}) 16... Nc4 17. Bxc4
Rxc4 18. f4 $5 (18. Rhg1 {is the main move, with the same Bf6 idea mentioned
above. I just felt like I had to try some f5 quickly, and the R would have to
go to e1 to control my e4-P. That's why these kind of moves weren't really
appealing to me. After some research, I noticed that this is a famous
Topalov-Kasparov game from Novgorod 1995.} b4 19. axb4 Rxb4 $13 {ended up with
a nice Kasparov win, but naturally the position has to be worked on, for both
sides.}) 18... b4 $6 {This seemingly natural move runs into big problems, had
White played perfect chess:} 19. axb4 Rxb4 20. Na2 $2 (20. f5 $1 {The
beginning of the 18.f4 idea was nice and made sense, but the realisation of it
was poor. This move could've been a nightmare for Black:} exf5 21. Rhe1 $1 {
the whole idea is to take advantage of the momentaneous bad organization of
the black pieces, the e7-B mostly} fxe4 (21... f4 22. Qxf4 $16 {is just
positionally awkward for Black}) 22. Nxe4 {now a simple Ng3 move is threatened
(taking advantage of the misplaced b4-R)} Bxe4 (22... Bd5 {the toughest
defence, trying a counterplay with Qa5} 23. Nf6+ $3 gxf6 24. Bc3 Rb5 (24... Re4
25. gxf6 $3 Rxe3 26. Rg1+ Kh8 27. fxe7+ Rxc3 28. exd8=Q Rxd8 29. bxc3 $16) 25.
Rg1 f5 26. Qd4 Ba2+ 27. Kxa2 Re5 28. Qd2 $18) (22... d5 23. Ng3 Bd6 24. Nf5 $18
) 23. Qxe4 Re8 24. h5 $18 {and g6 next, winning.}) 20... Rc4 21. b3 Rc8 22.
Rhe1 Qc7 23. Rd2 Rfe8 (23... d5 {was one of the moves I was expecting, but
white gets his attack rolling after:} 24. Bb6 Qb8 25. h5 $1 $40) 24. Bb2 (24.
f5 {was again an interesting try} exf5 $1 (24... Bf8 25. f6 $40 {smells like
trouble for Black}) 25. exf5 Bf8 26. Qxe8 Rxe8 27. Rxe8 Bc6 $13 {and after a5,
matters are not simple}) 24... Bf8 (24... Qc5 $5 {before white could get to
play h5-h6 would've been safer.}) 25. h5 a5 26. h6 g6 (26... a4 $5 27. hxg7
Bxg7 28. Bxg7 Kxg7 $13 {looked highly risky, but Black's attack is also quite
fast.}) 27. Nc3 {Threatening 28.Nd5! exd5 29.Qd4! winning.} Qc5 {Forced - now
moving the Q away would mean a good position for Black, since Bc6 is coming
with a4.} 28. Na4 (28. Qxc5 $5 {could be tried - I felt that Black was fine
after taking with the P and c4 next, but it's not that simple:} dxc5 (28...
Rxc5 {leads to a similar position, but without giving Black time to play 29...
e5! right away, as he could in the game} 29. Na4 $14 {Ba3 next, with a slight
edge}) 29. Nb5 c4 (29... Red8 30. Rxd8 Rxd8 31. Bf6 $14 {and White keeps a
confortable edge with Na3-c4}) 30. Nd6 Bxd6 31. Rxd6 cxb3 32. cxb3 $14 {
with a tricky opposite-coloured B endgame to come. As long as there is a pair
of Rs in the game, white always has the upper hand because of the mating ideas,
and the weak h7-P.}) 28... Qxe3 29. Rxe3 Rc6 (29... e5 {During the game, I
started checking it, and Black seemed to have a good position:} 30. fxe5 (30.
f5 $6 gxf5 31. exf5 f6 $1 $13) 30... dxe5 31. Nc3 {but perhaps, White still
keeps a small edge with Nd5:} Bb4 32. Rd1 Be7 33. Rg3 Bc6 34. Nd5 $14) 30. Ba3
e5 31. fxe5 Rxe5 32. Rd5 $1 {Suddenly Black has real problems.} Rxd5 $2 (32...
Rc8 33. Rxe5 dxe5 34. Bxf8 Kxf8 35. Nb6 $14 {and both Nc4 or c4-Kb2 could be
annoying for Black.}) 33. exd5 Rc7 {A critical moment.} 34. Re8 $6 (34. Bxd6 $1
{I considered this tactical blow, but didn't see the correct follow up} Bxd6
35. Re8+ Bf8 36. Nb6 $3 {boom! now d6 is coming} (36. d6 {was the only thing I
checked, but Black is fine after} Rd7 37. Nc5 Rxd6 38. Nxb7 Rd1+ 39. Kb2 f6 $1
$13 {etc}) 36... Re7 37. Rd8 f5 (37... f6 38. Nd7 Rxd7 39. Rxd7 Bc8 {now Black
has f5 for the B, but the veredict doesn't change:} 40. Rd8 Bf5 41. gxf6 Kf7
42. d6 Bxh6 43. d7 Ke6 44. Rh8 $1 $18) 38. Nd7 Rxd7 (38... Rf7 39. Nf6+ Rxf6 (
39... Kh8 40. c4 f4 41. Kc2 $1 {complete domination, and game over soon}) 40.
gxf6 f4 41. d6 $18) 39. Rxd7 f4 40. Kc1 $1 $18 (40. Rxb7 $4 {never too late to
go wrong} f3 41. Rb6 Be7 42. d6 Bxg5 $19)) (34. Nc3 $1 {also good, this was a
'double', 'human' move, made sense to pursue Ne4-f6+. I completely forgot
about this route. Now Black is forced to play actively:} f5 35. gxf6 Bxh6 (
35... Kf7 36. Nb5 Rd7 37. c4 {threatening Re6} Ba6 38. Nc3 $18 {looks very bad
for Black}) 36. Re7 Rxe7 37. fxe7 Kf7 38. Ne4 $1 Bf4 (38... Bxd5 39. Nxd6+ Kxe7
40. Nf5+ Kf6 41. Nxh6 $18 {should be good for white, Kc1-d2 coming fast}) 39.
Bxd6 Bxd5 40. Nf6 $1 {nice!} Bc6 41. e8=Q+ Bxe8 42. Nxe8 $18) 34... Rc8 35.
Rxc8 $4 {This is a major mistake, exchanging my active R, and at the same time
bringing his b7-B into the game. The positon becomes highly unclear, but it's
easier to play for Black, taking the white K-side pawns and marching their own!
} (35. Re1 $1 {was the last chance, since Black is still not able to organise
himself (...Bxd5 also not possible).}) 35... Bxc8 36. Nb6 Bh3 37. Nc4 Be7 38.
Nxd6 (38. Bxd6 {was an alternative:} Bxg5 39. Nxa5 Bxh6 40. b4 $13 {who knows
what's going on?}) 38... Bxg5 39. c4 Bg2 $2 (39... f5 {pushing the Ps would be
a good start, since the Bs are defending efficiently if white tries the same:}
40. c5 $2 (40. Kc2 f4 41. Kd1 Bxh6 $17 {looks good for Black}) 40... f4 41. c6
f3 42. Bc5 Be7 $1 $19) 40. Bc1 Be7 41. Nc8 Bc5 (41... Be4+ $5 {looked good
during the game, since I'd be forced to drive my K to the Q-side, something I
was not planning to do at all.}) 42. Bg5 $2 {Another mistake, simply losing an
important tempo.} (42. Bf4 $1 $13 {with the white K approaching the K-side, it
looks like we have equal chances in the endgame, altough I'd still prefer
Black a little bit.}) 42... Kf8 43. Bf4 g5 $1 $19 44. Bd6+ {Perhaps a better
practical chance, but with 30 seconds (for many moves already), I couldn't be
too demanding, it's already lost for White.} (44. Bxg5 Bh3 45. d6 {lucky me
that I didn't see this idea, apparently running into a draw} Bxc8 $2 (45... f6
$1 {wins on the spot} 46. Bxf6 Kf7 $1 47. Be7 {now White doesn't have e7 for
his N anymore:} Be3 $1 $19) 46. Be7+ Ke8 47. d7+ $1 $11) 44... Bxd6 45. Nxd6
Ke7 $2 (45... g4 $1 {and White can't catch the P} 46. Kc1 Bxd5 $1 $19) 46. Nf5+
Kf6 47. Ne3 $2 (47. Nd4 $1 {a difficult move, but a forced one} Ke5 48. Nc6+ $1
Kd6 (48... Kf4 49. Kc1 g4 50. Kd2 $13 {when Black should be careful not to run
into a bad position, since the f-P is not joining the party yet}) 49. Nd8 $1 g4
50. Nxf7+ Ke7 51. Ng5 g3 52. Kb2 Be4 53. Kc3 g2 54. Nh3 $13 {looking like a
draw.}) 47... Be4+ $2 (47... Bf3 $1 {was still winning - taking control of the
important g4-square would've been decisive - and 47...Be4+ doesn't win a tempo,
because white will have to bring his K anyway} 48. Kc2 Ke5 49. Kd2 g4 50. Nf1
f5 $19) 48. Kc1 $11 Ke5 (48... Ke7 {trying to prepare f5, allows a similar
defence:} 49. Ng4 $3 f5 50. d6+ $1 Kxd6 51. Nf6 {finally the h6-P plays a very
important role creating counterplay} g4 52. Nxh7 g3 53. Ng5 g2 54. Nh3 f4 55.
Kd2 Ke5 56. Ke2 Kf6 57. Kf2 f3 58. c5 Kg6 59. h7 Kg7 60. Ng5 Bd5 61. Kg1 $11 {
White is on time to stop the a-P} Bxb3 62. Nxf3 a4 63. Nd4 $11) 49. Ng4+ $1 {
The most important move of the tournament. Now with Nf2, White has time to
bring the K, and is in no danger of losing anymore.} Kf5 50. Nf2 g4 {With both
Ps queening after 51.Nxe4 Kxe4, a draw was agreed.} (50... Bg2 {wouldn't be
enough:} 51. Kd2 g4 52. Ke3 g3 53. Nd3 $11 {when White is safe again}) 1/2-1/2

[Event "BRA-ch 79th"]
[Site "Montenegro"]
[Date "2013.03.06"]
[Round "11"]
[White "Souza Neves, Andrey Marcelo"]
[Black "Mekhitarian, Krikor Sevag"]
[Result "1/2-1/2"]
[WhiteElo "2159"]
[BlackElo "2546"]
[PlyCount "32"]
[EventDate "2013.02.25"]
[EventType "tourn"]
[EventRounds "11"]
[EventCountry "BRA"]
[SourceTitle "CBM 153 Extra"]
[Source "ChessBase"]
[SourceDate "2013.04.22"]
[SourceVersion "1"]
[SourceVersionDate "2013.04.22"]
[SourceQuality "1"]

1. b3 d5 2. Bb2 c5 3. e3 a6 4. Nf3 Nc6 5. d4 Nf6 6. Be2 e6 7. O-O Be7 8. c4 O-O
9. Nbd2 Re8 10. Rc1 cxd4 11. exd4 a5 12. c5 Bd7 13. a3 b6 14. Bd3 Qb8 15. Re1
Qa7 16. Ne5 Rac8 1/2-1/2

[Event "Catarinense-ch 58th"]
[Site "Florianopolis"]
[Date "2013.03.28"]
[Round "1"]
[White "Gauche, Charles"]
[Black "Mekhitarian, Krikor Sevag"]
[Result "0-1"]
[WhiteElo "2198"]
[BlackElo "2546"]
[PlyCount "96"]
[EventDate "2013.03.28"]
[EventType "swiss"]
[EventRounds "7"]
[EventCountry "BRA"]
[SourceTitle "CBM 153 Extra"]
[Source "ChessBase"]
[SourceDate "2013.04.22"]
[SourceVersion "1"]
[SourceVersionDate "2013.04.22"]
[SourceQuality "1"]

1. Nf3 d5 2. b3 c5 3. c4 d4 4. b4 cxb4 5. a3 bxa3 6. Bxa3 Nc6 7. d3 e5 8. Bxf8
Kxf8 9. g3 g6 10. Bg2 Kg7 11. O-O Nf6 12. Na3 Qe7 13. Nc2 a5 14. Qb1 Ra6 15.
Qb2 Rd8 16. Rfe1 Nd7 17. Nd2 h5 18. h4 a4 19. Qa3 Qxa3 20. Rxa3 Nc5 21. Rb1 Bd7
22. Rb5 b6 23. Rb2 Ne7 24. Ne4 Nxe4 25. Bxe4 Rb8 26. Nb4 Ra5 27. e3 dxe3 28.
fxe3 Rc8 29. Na2 b5 30. cxb5 f5 31. Bb7 Rb8 32. Bf3 Raxb5 33. Rxb5 Bxb5 34. Bd1
Nd5 35. Kf2 Be8 36. e4 fxe4 37. dxe4 Rb2+ 38. Kf3 Nf6 39. Ke3 Rg2 40. Kf3 Rd2
41. Be2 Bc6 42. Nc3 Rd4 43. Ke3 Nxe4 44. Bf3 Nd6 45. Be2 Nc4+ 46. Bxc4 Rxc4 47.
Kd2 Rd4+ 48. Ke3 Kf6 0-1

[Event "Catarinense-ch 58th"]
[Site "Florianopolis"]
[Date "2013.03.29"]
[Round "2"]
[White "Mekhitarian, Krikor Sevag"]
[Black "Dos Santos, Haroldo Cunha Jr"]
[Result "1-0"]
[WhiteElo "2546"]
[BlackElo "2247"]
[PlyCount "131"]
[EventDate "2013.03.28"]
[EventType "swiss"]
[EventRounds "7"]
[EventCountry "BRA"]
[SourceTitle "CBM 153 Extra"]
[Source "ChessBase"]
[SourceDate "2013.04.22"]
[SourceVersion "1"]
[SourceVersionDate "2013.04.22"]
[SourceQuality "1"]

1. e4 e5 2. Nf3 Nc6 3. Bb5 Bc5 4. c3 f5 5. d4 fxe4 6. Bxc6 dxc6 7. Nxe5 Qf6 8.
Nd2 e3 9. Ne4 Qh4 10. Qf3 Bd6 11. Nxd6+ cxd6 12. Qf7+ Kd8 13. Bxe3 Qe7 14.
Qxe7+ Kxe7 15. Nd3 Be6 16. Kd2 Kd7 17. Rhe1 Ne7 18. f3 Ng6 19. Bf2 Rhf8 20. Bg3
h5 21. h3 Rf5 22. h4 a5 23. Re3 a4 24. Rae1 Re8 25. a3 Bf7 26. Rxe8 Bxe8 27.
Nf2 d5 28. Nd3 b6 29. Ke3 Bf7 30. Rh1 Be6 31. Kf2 Rf8 32. Rd1 Bf5 33. Rd2 Bxd3
34. Rxd3 Ne7 35. Be5 Nf5 36. g3 g6 37. Rd1 Ra8 38. Rh1 Ra5 39. g4 Nh6 40. Bf4
Nf7 41. Re1 Rb5 42. Re2 Nd8 43. gxh5 gxh5 44. Bg5 Nb7 45. Bc1 Nd6 46. Kg3 c5
47. dxc5 bxc5 48. Re5 d4 49. Rxh5 Ke6 50. Kg4 d3 51. Bf4 Nc4 52. Rh6+ Kd5 53.
Rh8 Ne5+ 54. Bxe5 Kxe5 55. f4+ Ke4 56. Re8+ Kd5 57. h5 Rxb2 58. Kg3 Rb1 59. f5
Rf1 60. h6 Rxf5 61. h7 Rh5 62. h8=Q Rxh8 63. Rxh8 Kc4 64. Rc8 Kxc3 65. Rxc5+
Kd4 66. Rc1 1-0